000 00292nam a2200121Ia 4500
008 190216s9999||||xx |||||||||||||| ||und||
100 _aSankara Pillai G
245 0 _aIdan Maranna Izha
260 _bPoorna Pubs Kozhikode
_c1980
300 _a70p
650 _aMalayalam Nadakam
942 _cBK
999 _c27378
_d27378